Công dư tiệp ký /

Uloženo v:
Podrobná bibliografie
Hlavní autor: Vũ Phương Đề
Další autoři: Đoàn Thăng (dịch)
Médium: Sách giấy
Jazyk:Vietnamese
Vydáno: H. : Văn học, 2001
Tagy: Přidat tag
Žádné tagy, Buďte první, kdo otaguje tento záznam!
Thư viện lưu trữ: Thư viện Trường Đại học Đà Lạt
LEADER 00706nam a2200289 4500
001 DLU030021815
003 ##DLU
005 ##20021230
008 ##021230t vn z000 vie d
040 # # |a DLU  |b vie 
041 # # |a vie 
044 # # |a vn 
082 # # |a 895.922 1  |b VU-D 
100 # # |a Vũ Phương Đề 
245 # # |a Công dư tiệp ký /  |c Vũ Phương Đề, Đoàn Thăng dịch 
260 # # |a H. :  |b Văn học,  |c 2001 
300 # # |a 323 tr. ;  |c 19 cm 
700 # # |a Đoàn Thăng  |e dịch 
992 # # |a 24500 
994 # # |a DLU 
900 # # |a True 
911 # # |a Thái Thị Thanh Thủy 
925 # # |a G 
926 # # |a A 
927 # # |a SH 
980 # # |a Thư viện Trường Đại học Đà Lạt